000
00325nam a22001337a 4500
008
180822b xxu||||| |||| 00| 0 eng d
020
_a
096242668
041
_a
eng
080
_a
617
100
_a
5
101
_a
KIR
245
_a
SURGERY OF THE CRANIAL NERVES OF THE POSTERIOR FOSSA
_c
BARROW,D,L
942
_2
udc
_c
BK
999
_c
47245
_d
47245